Gaming Quiz

Random Gaming Quiz

Brutal Legend Characters Quiz Stats

 Plays Quiz not verified by Sporcle

Score 0/14 Timer 02:00
0 Plays Today
Hint Character % Correct
The Greatest Roadie of all TimeEddie Riggs
97.5%
His GirlfriendOphelia
84.2%
Original Leader of 'Ironheade'Lars Halford
83.8%
The Motorcycle driving Bass GuitaristKill Master
80%
His SisterLita Halford
77.1%
Character Modelled and voiced by Ozzy OsbourneGuardian of Metal
67.9%
Demon leader of the 'Tainted Coil'Doviculus
62.9%
Hint Character % Correct
Ironheades main EngineerMangus
62.9%
Slave Master and leader of the ' Hair Metal Militia'General LionWhyte
55%
The leader of the Pyromaniac Biker gangThe Baron
33.8%
Human War Hero from the Age of MetalRiggnarok
29.2%
Former Empress of the 'Tainted Coil'Succoria
28.3%
Demon who drives 'The Squealer'Fletus
25%
The Queen of the ZauliaRima
20%

You're not logged in!

Compare scores with friends on all Sporcle quizzes.
OR
Log In

You Might Also Like...

Show Comments

Extras

Created Nov 7, 2009SourceReportNominate
Tags:brutal, character, legend

Top Quizzes Today


Score Distribution

Your Account Isn't Verified!

In order to create a playlist on Sporcle, you need to verify the email address you used during registration. Go to your Sporcle Settings to finish the process.

Report this User

Report this user for behavior that violates our Community Guidelines.

Details: